Most Practiced Religions in South America - Statistics

General Stats
  • This quiz has been taken 47 times
  • The average score is 4 of 5
Answer Stats
Religions % Correct
Christianity
100%
Islam
100%
Hinduism
89%
Buddhism
82%
Judaism
73%
No matching quizzes found
Score Distribution
Percent of People with Each Score
Percentile by Number Answered
Your Score History
You have not taken this quiz